| 000 | 01241nam a22002537a 4500 | ||
|---|---|---|---|
| 001 | 95056 | ||
| 003 | UA-OsUOA | ||
| 005 | 20210513210139.0 | ||
| 007 | ta | ||
| 008 | 20130222b un ||||| |||| m0| 0 ukr d | ||
| 040 |
_aUA-OsUOA _bukr _cUA-OsUOA _dUA-OsUOA |
||
| 041 | _aukr | ||
| 080 | _a82.09(477).01:261.2 | ||
| 090 |
_a82.09(477).01:261.2 _bС83 |
||
| 100 | _aСтратонова Н. О. | ||
| 245 |
_aРефлексія трансформації дохристиянських світоглядних уявлень в літературних пам'ятках Київської Русі ХІ–ХІІІ ст. _bдисертація _cСтратонова Наталія Олегівна |
||
| 260 |
_aОстрог _c2012 |
||
| 300 | _a216 с. | ||
| 502 |
_bкандидат філософських наук
_cНаціональний університет "Острозька академія" _d2012 _o09.00.11 – релігієзнавство |
||
| 511 | _aнауковий керівник доктор філософських наук, професор Кралюк Петро Михайлович | ||
| 650 | 7 |
_a82 Література. Літературознавство _2UDC |
|
| 942 |
_cBK _2udc |
||
| 955 | _a1 | ||
| 999 |
_c381300 _d381300 |
||